Fundamentals of financial management
Salvato in:
| Autore principale: | |
|---|---|
| Altri autori: | |
| Natura: | Libro |
| Lingua: | inglese |
| Pubblicazione: |
Harlow
Financial Times/Prentice Hall
2008
|
| Edizione: | 13th ed. |
| Soggetti: | |
| Tags: |
Nessun Tag, puoi essere il primo ad aggiungerne!!
|
MARC
| LEADER | 00000nam a2200000 4500 | ||
|---|---|---|---|
| 001 | 0117528 | ||
| 005 | 20240226124259.2 | ||
| 020 | |a 978-0-273-71363-0 | ||
| 041 | 0 | |a eng | |
| 044 | |a US | ||
| 245 | 1 | 0 | |a Fundamentals of financial management |c James C. Van Horne, John M. Wachowicz |
| 250 | |a 13th ed. | ||
| 264 | 1 | |a Harlow |b Financial Times/Prentice Hall |c 2008 | |
| 300 | |a 719 s. | ||
| 610 | 2 | 0 | |a manažment finančný |
| 610 | 2 | 0 | |a financie podnikové |
| 610 | 2 | 0 | |a rozhodovanie finančné |
| 610 | 2 | 0 | |a analýza finančná |
| 610 | 2 | 0 | |a kapitál |
| 100 | 1 | |a Van Horne, James C. | |
| 700 | 1 | |a Wachowicz, John M. | |